| 000 | 02070nam0a2200361 4500 | ||
|---|---|---|---|
| 001 | RU\NLR\BIBL_A\022476022 | ||
| 005 | 20251228050902.0 | ||
| 010 |
_a978-5-507-49739-3 _930 |
||
| 035 | _a(NLR Aleph) 022476022 | ||
| 090 |
_a13506256 _c13506256 |
||
| 100 | _a20250303d2024 u y0rusy50 ca | ||
| 101 | 0 | _arus | |
| 102 | _aRU | ||
| 105 | _aa j 000yy | ||
| 181 | 0 |
_ai _baxxe |
|
| 182 | 0 | _an | |
| 200 | 1 |
_aПрограмма схемотехнического моделирования Micro-Cap. Версии 9, 10 _eучебное пособие _eдля преподавателей, студентов и аспирантов учебных заведений высшего образования по направлениям "Электроника, радиотехника и системы связи" _fМ. А. Амелина, С. А. Амелин |
|
| 203 |
_aТекст _bвизуальный _cнепосредственный |
||
| 205 | _aИзд. 4-е. стер. | ||
| 210 |
_aСанкт-Петербург _cЛань _d2024 |
||
| 215 |
_a630, [1] с. _cил. _d24 |
||
| 225 | 1 | _aВысшее образование | |
| 320 | _aБиблиогр. в конце кн. (17 назв.) | ||
| 606 | 1 |
_aMICRO CAP 9, система автоматизированного проектирования электронных цепей _jУчебные издания для высших учебных заведений _92372694 _3RU\NLR\AUTH\6601637662 |
|
| 606 | 1 |
_aMICRO CAP 10, система автоматизированного проектирования электронных цепей _jУчебные издания для высших учебных заведений _92492983 _3RU\NLR\AUTH\6601695083 |
|
| 686 | 1 | _aЗ844-02-5-05я73-1 | |
| 686 | 1 | _aЗ85-02-5-05я73-1 | |
| 700 | 1 |
_aАмелина _bМ. А. _gМарина Аркадьевна |
|
| 701 | 1 |
_aАмелин _bС. А. _gСергей Александрович |
|
| 942 | _cBOOK | ||
| 980 | _aNB | ||